000 00810cab a2200217 4500
001 WB3231-90
008 090401t1996 xxu||||| |||| 00| 0 eng d
035 _a(Sirsi) u69933
041 _aeng
245 _aAgricultural Land Classification
260 _c1996
350 _a0
490 _aMAFF News Release
_v(277/96) 1 August 1996 (3)
520 _aDescribes proposed changes to the Agricultural Land Classification Guidelines for England and Wales, releases new statistics on grades of agricultural land, and gives reasons for the withdrawal of the 1" to 1 mile ALC maps. Statistics included.
650 _aAGRICULTURAL FARM LAND
650 _aAGRICULTURAL LAND CLASSIFICATION MAPS
650 _aAGRICULTURAL LAND CLASSIFICATION
690 _aRURAL PRACTICE
942 _n0
948 _c04/03/1997
999 _c43981
_d43981